China's millions revolution in central China, 1927 (Record no. 549688)
[ view plain ]
| 000 -LEADER | |
|---|---|
| fixed length control field | 00521cam a22001571 4500 |
| 082 ## - DEWEY DECIMAL CLASSIFICATION NUMBER | |
| Classification number | 951.042 |
| Author Mark | STR |
| -- | L-28, P-87 |
| 100 1# - MAIN ENTRY--PERSONAL NAME | |
| Personal name | Strong, Anna Louise, |
| 9 (RLIN) | 46333 |
| 245 10 - TITLE STATEMENT | |
| Title | China's millions revolution in central China, 1927 |
| Remainder of title | selected works on China's revolution. |
| 250 ## - EDITION STATEMENT | |
| Edition statement | [1st ed.] |
| 260 ## - PUBLICATION, DISTRIBUTION, ETC. | |
| Place of publication, distribution, etc. | Peking, |
| Name of publisher, distributor, etc. | New World Press, |
| Date of publication, distribution, etc. | 1965- |
| 300 ## - PHYSICAL DESCRIPTION | |
| Extent | v. |
| Dimensions | 21 cm. |
| 505 0# - FORMATTED CONTENTS NOTE | |
| Formatted contents note | 1. China's millions; revolution in central China, 1927. |
| 526 ## - STUDY PROGRAM INFORMATION NOTE | |
| Program name | 0 |
| Interest level | 0 |
| Reading level | 0 |
| Title point value | 951_042000000000000_STR |
| 650 ## - SUBJECT ADDED ENTRY--TOPICAL TERM | |
| Topical term or geographic name entry element | MCE |
| 9 (RLIN) | 379 |
| 942 ## - ADDED ENTRY ELEMENTS (KOHA) | |
| Source of classification or shelving scheme | |
| Koha item type | Book |
| Withdrawn status | Lost status | Source of classification or shelving scheme | Damaged status | Not for loan | Permanent Location | Current Location | Date acquired | Total Checkouts | Full call number | Barcode | Date last seen | Price effective from | Koha item type |
|---|---|---|---|---|---|---|---|---|---|---|---|---|---|
| Military College of Engineering (MCE) | Military College of Engineering (MCE) | 10/09/2014 | 951.042 STR | MCE-3345 | 10/09/2014 | 03/14/2021 | Book |
